MANAGING RISK AND OPPORTUNITY THE GOVERN (Record no. 29949)

MARC details
000 -LEADER
fixed length control field 00368nam a2200133Ia 4500
008 - FIXED-LENGTH DATA ELEMENTS--GENERAL INFORMATION
fixed length control field 240624s9999 xx 000 0 und d
041 ## - LANGUAGE CODE
Language code of text/sound track or separate title eng
082 ## - DEWEY DECIMAL CLASSIFICATION NUMBER
Classification number 658.155 AND
100 ## - MAIN ENTRY--PERSONAL NAME
Personal name ANDERSEN TORBEN JUUL
245 ## - TITLE STATEMENT
Title MANAGING RISK AND OPPORTUNITY THE GOVERN
260 ## - PUBLICATION, DISTRIBUTION, ETC.
Date of publication, distribution, etc. 2014
Place of publication, distribution, etc. New Delhi
Name of publisher, distributor, etc. Oxford University Press
300 ## - PHYSICAL DESCRIPTION
Extent xii, 187 p.; 23 cm.
365 ## - TRADE PRICE
Currency code BPS
Price amount 29
Holdings
Withdrawn status Lost status Damaged status Not for loan Home library Current library Shelving location Date acquired Cost, normal purchase price Total Checkouts Full call number Barcode Date last seen Date last checked out Copy number Price effective from Koha item type
        IMTN IMTN Rack 25-A 12/06/2017 47.50 1 658.155 AND 29949 07/18/2024 07/08/2024 88 06/24/2024 Books
Designed & Maintained by: LRC IMT Nagpur Contact: lrc@imtnag.ac.in© 2024. All Rights Reserved.